[Event "Bronshoj Lang Weekend 2014"]
[Site "Bronshoj"]
[Date "2014.02.10"]
[Round "6"]
[White "Chernyak, Viktoria"]
[Black "Brzezinski, Adam"]
[Result "0-1"]
[WhiteElo "2018"]
[BlackElo "2142"]
[PlyCount "78"]
[EventDate "2014.??.??"]
[EventType "swiss"]
[EventRounds "7"]
[EventCountry "DEN"]


1. Nf3 c5 2. g3 Nc6 3. Bg2 e5 4. d3 g6 5. O-O Bg7 6. e4 Nge7 7. Be3 d6 8. Qd2
O-O 9. Nc3 Nd4 10. Ne2 Nxe2+ 11. Qxe2 h6 12. c3 f5 13. Qd2 Kh7 14. Ne1 Rb8 15.
Rd1 b6 16. Nc2 d5 17. f3 Ba6 18. Rfe1 fxe4 19. fxe4 d4 20. Bf2 Bc8 21. h3 Be6
22. a3 Qd7 23. Kh2 h5 24. Rf1 Bh6 25. Qe2 Bb3 26. Rb1 b5 27. Na1 Be6 28. b3 c4
29. cxd4 exd4 30. Nc2 Nc6 31. e5 cxd3 32. Qxd3 Bf5 33. Qd1 Nxe5 34. Nxd4 Bxb1
35. Qxb1 Rxf2 36. Rxf2 Qxd4 37. Qc2 Rd8 38. Be4 Qxf2+ 39. Qxf2 Rd2 0-1

[Event "Bronshoj Lang Weekend 2014"]
[Site "Bronshoj"]
[Date "2014.02.10"]
[Round "6"]
[White "Luther, Lasse"]
[Black "Pedersen, Jan Nordenbaek"]
[Result "0-1"]
[WhiteElo "2014"]
[BlackElo "2243"]
[PlyCount "78"]
[EventDate "2014.??.??"]
[EventType "swiss"]
[EventRounds "7"]
[EventCountry "DEN"]


1. e4 e5 2. Nf3 Nc6 3. Bc4 Nf6 4. d3 Be7 5. a4 O-O 6. O-O d6 7. h3 Nd7 8. a5 a6
9. c3 Nc5 10. Re1 Ne6 11. d4 Ng5 12. d5 Na7 13. Nbd2 Bd7 14. Bd3 h6 15. c4 c5
16. Nf1 Nc8 17. Ne3 g6 18. Nh2 h5 19. h4 Nh7 20. g4 Bxh4 21. gxh5 Kh8 22. Kh1
Bxf2 23. Rf1 Bg3 24. hxg6 fxg6 25. Rxf8+ Qxf8 26. Qg1 Bxh2 27. Qxh2 Qf3+ 28.
Qg2 Qxg2+ 29. Kxg2 Ne7 30. Bd2 Rf8 31. Nf1 g5 32. Ra3 Ng6 33. Rb3 Nh4+ 34. Kh1
Bc8 35. Rb6 Rf6 36. b4 Bh3 37. Ne3 Rf2 38. Bc1 Nf3 39. Rxb7 Rh2# 0-1

[Event "Bronshoj Lang Weekend 2014"]
[Site "Bronshoj"]
[Date "2014.02.10"]
[Round "6"]
[White "Thuesen, Mogens Henrik"]
[Black "Nielsen, Klaus"]
[Result "1-0"]
[WhiteElo "2209"]
[BlackElo "2056"]
[PlyCount "101"]
[EventDate "2014.??.??"]
[EventType "swiss"]
[EventRounds "7"]
[EventCountry "DEN"]


1. e4 d5 2. exd5 Qxd5 3. Nc3 Qa5 4. d4 c6 5. Bc4 Nf6 6. Nge2 Bf5 7. Bd2 e6 8.
Nd5 Qd8 9. Ne3 Bg6 10. h4 Bd6 11. Bb3 Nbd7 12. Nc4 Bc7 13. Nf4 b5 14. Nxg6 hxg6
15. Ne3 Ne4 16. Qe2 Nxd2 17. Qxd2 Rxh4 18. O-O-O Nb6 19. Qc3 Kd7 20. d5 cxd5
21. Qxg7 Rf4 22. Bxd5 exd5 23. Nxd5 Nxd5 24. Rxd5+ Bd6 25. Rxd6+ Kxd6 26. Rd1+
Ke6 27. Rxd8 Rxd8 28. Qc3 Rfd4 29. Qe3+ Kf5 30. c3 Rd1+ 31. Kc2 R1d7 32. Qc5+
Ke6 33. f4 f6 34. Qxb5 Rd2+ 35. Kb3 R8d6 36. Kc4 Kf7 37. b4 a6 38. Qb7+ Ke6 39.
Qe4+ Kf7 40. Kc5 f5 41. Qc4+ Re6 42. a4 Rxg2 43. b5 axb5 44. axb5 Rd2 45. Qa4
Rdd6 46. Qa7+ Kf6 47. Qb8 Rd7 48. c4 Kg7 49. Qc8 Rde7 50. b6 Re8 51. b7 1-0

[Event "Bronshoj Lang Weekend 2014"]
[Site "Bronshoj"]
[Date "2014.02.10"]
[Round "6"]
[White "Nohr, Finn"]
[Black "Kyrkjebo, Marte Bakken"]
[Result "1-0"]
[WhiteElo "2076"]
[BlackElo "1719"]
[PlyCount "83"]
[EventDate "2014.??.??"]
[EventType "swiss"]
[EventRounds "7"]
[EventCountry "DEN"]


1. e4 e5 2. Nf3 Nc6 3. Bb5 a6 4. Ba4 Nf6 5. d3 b5 6. Bb3 Be7 7. c3 d6 8. O-O
O-O 9. Nbd2 Na5 10. Bc2 c5 11. Re1 Qc7 12. Nf1 Bd7 13. Ng3 c4 14. d4 Nc6 15. h3
a5 16. b3 cxb3 17. axb3 Rfc8 18. Bb2 exd4 19. Nxd4 Nxd4 20. Qxd4 b4 21. c4 a4
22. bxa4 Qxc4 23. Qxc4 Rxc4 24. Bb3 Rc5 25. Bd4 Rca5 26. Bb6 R5a6 27. a5 Bb5
28. e5 Nd7 29. Nf5 Bd8 30. Bxd8 Rxd8 31. Nxd6 Bc6 32. Nxf7 Rf8 33. Bc4 Raa8 34.
Nd8+ Kh8 35. Nxc6 Rac8 36. Be6 Rxc6 37. Bxd7 Rc7 38. e6 b3 39. Rab1 Rb8 40. e7
Rxd7 41. e8=Q+ Rxe8 42. Rxe8# 1-0

[Event "Bronshoj Lang Weekend 2014"]
[Site "Bronshoj"]
[Date "2014.02.10"]
[Round "6"]
[White "Nielsen, Michael(1983)"]
[Black "Christensen, Esben"]
[Result "1/2-1/2"]
[WhiteElo "2148"]
[BlackElo "1976"]
[PlyCount "98"]
[EventDate "2014.??.??"]
[EventType "swiss"]
[EventRounds "7"]
[EventCountry "DEN"]


1. c4 e5 2. g3 d6 3. Bg2 f5 4. d3 Nc6 5. Nc3 Nf6 6. e4 g6 7. Nge2 Be6 8. O-O
Qd7 9. Nd5 Be7 10. Bg5 Nxd5 11. exd5 Bxg5 12. f4 Bf6 13. dxc6 bxc6 14. Qa4 d5
15. fxe5 Bxe5 16. Nf4 Bxf4 17. gxf4 O-O 18. Rfe1 Rae8 19. Qxa7 dxc4 20. d4 Bd5
21. Qc5 Bxg2 22. Kxg2 Qd5+ 23. Qxd5+ cxd5 24. Kf2 Re4 25. Rxe4 fxe4 26. Ke3 Kf7
27. a4 Ra8 28. a5 Ra6 29. Kd2 Ke6 30. Kc3 Kd6 31. Kb4 Kc6 32. f5 gxf5 33. Rf1
Ra8 34. Rxf5 Rb8+ 35. Kc3 Rb3+ 36. Kc2 Rh3 37. a6 Rxh2+ 38. Kc3 Rh3+ 39. Kc2
Kb6 40. Rxd5 Kxa6 41. Re5 e3 42. Kc3 Kb6 43. Kxc4 Kc6 44. Kd3 Kd6 45. b4 h5 46.
Ke2 h4 47. Rh5 Kc6 48. Kd3 Kd6 49. b5 Ke6 1/2-1/2

[Event "Bronshoj Lang Weekend 2014"]
[Site "Bronshoj"]
[Date "2014.02.10"]
[Round "6"]
[White "Petersen, Peter Birk"]
[Black "Jorgensen, Mikkel"]
[Result "1-0"]
[WhiteElo "2098"]
[BlackElo "1811"]
[PlyCount "61"]
[EventDate "2014.??.??"]
[EventType "swiss"]
[EventRounds "7"]
[EventCountry "DEN"]


1. e4 c5 2. Nf3 Nc6 3. d4 cxd4 4. Nxd4 Nf6 5. Nc3 e5 6. Ndb5 d6 7. Bg5 a6 8.
Na3 b5 9. Nd5 Be7 10. Nxe7 Qxe7 11. c4 b4 12. Nc2 h6 13. Bxf6 Qxf6 14. Nxb4 Nd4
15. Nd5 Qd8 16. Bd3 O-O 17. O-O Bd7 18. f4 Be6 19. Qd2 Bxd5 20. cxd5 f6 21.
Rac1 Qb6 22. Kh1 Rfc8 23. h3 a5 24. Rc3 Rcb8 25. Qc1 Rb7 26. fxe5 fxe5 27. Rc8+
Rxc8 28. Qxc8+ Kh7 29. Rf8 Qc7 30. Qe8 g6 31. Rh8+ 1-0

[Event "Bronshoj Lang Weekend 2014"]
[Site "Bronshoj"]
[Date "2014.02.10"]
[Round "6"]
[White "Jacobsen, Mikkel Manosri"]
[Black "Vovk, Oksana"]
[Result "1/2-1/2"]
[WhiteElo "2054"]
[BlackElo "2083"]
[PlyCount "87"]
[EventDate "2014.??.??"]
[EventType "swiss"]
[EventRounds "7"]
[EventCountry "DEN"]


1. d4 Nf6 2. Nf3 d5 3. Bf4 c5 4. e3 Nc6 5. c3 g6 6. Bd3 Bg7 7. h3 Qb6 8. Qb3 c4
9. Qxb6 axb6 10. Bc2 b5 11. Nbd2 Bf5 12. Kd1 h5 13. Re1 b4 14. Nh4 Bxc2+ 15.
Kxc2 b5 16. Reb1 O-O 17. Nhf3 Nd7 18. e4 dxe4 19. Nxe4 Rxa2 20. Rxa2 b3+ 21.
Kc1 bxa2 22. Ra1 Ra8 23. b4 cxb3 24. Kb2 b4 25. Bd2 Nb6 26. cxb4 Nxd4 27. Nxd4
Bxd4+ 28. Bc3 Na4+ 29. Kxb3 Nxc3 30. Nxc3 Rc8 31. Nd5 Rd8 32. Nc3 Rc8 33. Nd5
Bxa1 34. Nxe7+ Kf8 35. Nxc8 Bc3 36. Kxa2 Bxb4 37. Nb6 Be1 38. f3 Ke7 39. Kb3
Ke6 40. Kc4 Ke5 41. Nd5 h4 42. Ne3 Kf4 43. Nf1 Bf2 44. Kd3 1/2-1/2

[Event "Bronshoj Lang Weekend 2014"]
[Site "Bronshoj"]
[Date "2014.02.10"]
[Round "6"]
[White "Ronsted, Torben"]
[Black "Kyrkjebo, Hanna Bakken"]
[Result "1-0"]
[WhiteElo "2011"]
[BlackElo "1672"]
[PlyCount "119"]
[EventDate "2014.??.??"]
[EventType "swiss"]
[EventRounds "7"]
[EventCountry "DEN"]


1. d4 d5 2. c4 c6 3. Nf3 Nf6 4. Nc3 a6 5. c5 Nbd7 6. Bf4 Nh5 7. Bd2 Nhf6 8. h3
Qc7 9. Na4 Ne4 10. e3 e5 11. Bd3 Nexc5 12. dxc5 e4 13. Bc3 exf3 14. Qxf3 Ne5
15. Qe2 Be7 16. O-O Nxd3 17. Qxd3 O-O 18. Nb6 Rb8 19. Bd4 Bd8 20. Qc3 f6 21.
Rfe1 Qf7 22. Nxc8 Rxc8 23. e4 Bc7 24. Qb3 Rcd8 25. exd5 Rxd5 26. Be3 Rfd8 27.
Rac1 Be5 28. Rc4 Rd3 29. Qc2 Qc7 30. f4 Rxe3 31. Rxe3 Bd4 32. Rxd4 Rxd4 33.
Qb3+ Rd5 34. Re8+ Kf7 35. Qe3 Qd7 36. Re4 Rd3 37. Qe2 Rd5 38. b4 g6 39. Kh2 Rd4
40. a3 Rxe4 41. Qxe4 Qe6 42. Qd4 Ke7 43. Qd2 Qd7 44. Qe1+ Kf7 45. Qh4 Kg7 46.
Qg3 Qc7 47. h4 h5 48. Kh1 Kf7 49. Kh2 Kg7 50. f5 Qf7 51. fxg6 Qxg6 52. Qc7+ Qf7
53. Qxf7+ Kxf7 54. Kg3 Kg7 55. Kf4 Kg6 56. Ke4 Kg7 57. Kf5 Kf7 58. a4 a5 59.
bxa5 Ke7 60. Kg6 1-0

[Event "Bronshoj Lang Weekend 2014"]
[Site "Bronshoj"]
[Date "2014.02.10"]
[Round "6"]
[White "Karlsson, Ulf"]
[Black "Marthedal, Anton Mehmet Yildiz"]
[Result "1/2-1/2"]
[WhiteElo "1986"]
[BlackElo "1738"]
[PlyCount "92"]
[EventDate "2014.??.??"]
[EventType "swiss"]
[EventRounds "7"]
[EventCountry "DEN"]


1. b3 c5 2. Bb2 Nc6 3. g3 Nf6 4. Bg2 g6 5. Bxf6 exf6 6. c4 Bg7 7. Nc3 O-O 8.
Rc1 Re8 9. e3 Ne5 10. d3 f5 11. Nge2 Rb8 12. O-O d6 13. Qc2 Bd7 14. Rfd1 Nc6
15. Nd5 Be6 16. d4 cxd4 17. exd4 Bxd5 18. cxd5 Nb4 19. Qb2 Qa5 20. Nc3 Bh6 21.
f4 Re3 22. Qd2 Rbe8 23. Re1 Rxe1+ 24. Rxe1 Rxe1+ 25. Qxe1 Nxa2 26. Qe8+ Bf8 27.
Nxa2 Qxa2 28. Qe3 Qb1+ 29. Kf2 Bg7 30. Qe8+ Bf8 31. Qe3 Qc2+ 32. Kf3 Qd1+ 33.
Kf2 Qc2+ 34. Kf3 Qe4+ 35. Kf2 Qxe3+ 36. Kxe3 Be7 37. h3 h5 38. Bf1 Kf8 39. Bb5
Bf6 40. Bd7 a5 41. Bc8 b5 42. Bd7 b4 43. Bb5 h4 44. gxh4 Bxh4 45. Bd3 Kg7 46.
Bc2 Be1 1/2-1/2

[Event "Bronshoj Lang Weekend 2014"]
[Site "Bronshoj"]
[Date "2014.02.10"]
[Round "6"]
[White "Kokholm, Daniel"]
[Black "Schmidt, Horst Hubert"]
[Result "1-0"]
[WhiteElo "1845"]
[BlackElo "1663"]
[PlyCount "79"]
[EventDate "2014.??.??"]
[EventType "swiss"]
[EventRounds "7"]
[EventCountry "DEN"]


1. e4 d6 2. d4 Nf6 3. Nc3 Nc6 4. f3 e5 5. Nge2 Be7 6. Be3 a5 7. Qd2 exd4 8.
Nxd4 Nxd4 9. Bxd4 Bd7 10. a4 c6 11. Be2 O-O 12. Bxf6 gxf6 13. g4 Qb6 14. Bd3
Qc5 15. h4 Qe5 16. Kf2 d5 17. exd5 Bc5+ 18. Kg2 Bd6 19. Ne4 f5 20. Qg5+ Kh8 21.
Qf6+ Qxf6 22. Nxf6 Bc8 23. Rae1 fxg4 24. fxg4 h6 25. g5 cxd5 26. Rhf1 Be6 27.
Bf5 Rac8 28. Bxe6 Rxc2+ 29. Rf2 Rxf2+ 30. Kxf2 fxe6 31. Rxe6 Bc5+ 32. Ke2 hxg5
33. hxg5 b6 34. Kd3 d4 35. g6 Kg7 36. Nh5+ Kg8 37. g7 Rf3+ 38. Kc4 Re3 39. Rc6
Kf7 40. Rc8 1-0

[Event "Bronshoj Lang Weekend 2014"]
[Site "Bronshoj"]
[Date "2014.02.10"]
[Round "6"]
[White "Ohayv, Nikolaj"]
[Black "Moller, Arne Vagn"]
[Result "1-0"]
[WhiteElo "1760"]
[BlackElo "1783"]
[PlyCount "87"]
[EventDate "2014.??.??"]
[EventType "swiss"]
[EventRounds "7"]
[EventCountry "DEN"]


1. e4 c5 2. Nc3 d6 3. f4 e6 4. Nf3 Nc6 5. g3 g6 6. Bg2 Bg7 7. d3 Nge7 8. O-O
O-O 9. g4 a6 10. Ne2 b5 11. f5 f6 12. Ng3 e5 13. c3 Qb6 14. g5 Bd7 15. gxf6
Bxf6 16. Bh6 Rf7 17. Bh3 gxf5 18. Nh5 Kh8 19. Kh1 d5 20. Rg1 Rg8 21. Qd2 Nd8
22. Nxf6 Qxf6 23. Rxg8+ Nxg8 24. Bg5 Qb6 25. Nxe5 Rg7 26. Nxd7 Rxd7 27. Bxf5
Rg7 28. exd5 Nf7 29. Be3 Qf6 30. Be4 Nd6 31. Qf2 Qe7 32. Bg2 Rf7 33. Qg1 Nf5
34. Bxc5 Qh4 35. Bd4+ Nf6 36. Qf2 Qh5 37. Rf1 Nxd4 38. Qxd4 Kg8 39. Rxf6 Qd1+
40. Bf1 Rg7 41. d6 Rg4 42. Qd5+ Kg7 43. Rf7+ Kg6 44. d7 1-0

[Event "Bronshoj Lang Weekend 2014"]
[Site "Bronshoj"]
[Date "2014.02.10"]
[Round "6"]
[White "Henriksen, Christian Steen"]
[Black "Ulrich, Thomas"]
[Result "1-0"]
[WhiteElo "1679"]
[BlackElo "2026"]
[PlyCount "103"]
[EventDate "2014.??.??"]
[EventType "swiss"]
[EventRounds "7"]
[EventCountry "DEN"]


1. d4 d5 2. Nf3 Nf6 3. c4 e6 4. Nc3 c6 5. Bg5 h6 6. Bh4 dxc4 7. e3 Bb4 8. Bxc4
Qa5 9. Qc2 Ne4 10. Rc1 Nxc3 11. bxc3 Ba3 12. Rb1 Nd7 13. Bg3 O-O 14. O-O Be7
15. e4 b5 16. Bd3 Bb7 17. Bf4 Rac8 18. Qd2 Rfe8 19. e5 Bf8 20. Qe3 Qd8 21. Qe4
g6 22. h4 Bg7 23. Qe3 Kh7 24. h5 a6 25. hxg6+ fxg6 26. Kh2 c5 27. Rh1 cxd4 28.
cxd4 Qe7 29. Kg3 Bxf3 30. gxf3 Rh8 31. Bxh6 Kg8 32. Kg2 Rc3 33. Bxg7 Qxg7 34.
Qe4 Rxh1 35. Rxh1 Nf8 36. Rh3 Qe7 37. Rg3 Kg7 38. Bb1 Rc1 39. Bd3 Rc3 40. Bb1
b4 41. Qf4 Qf7 42. Qg5 a5 43. Rh3 Nh7 44. Qh6+ Kg8 45. Bxg6 Qg7 46. Qxh7+ Qxh7
47. Rxh7 a4 48. Rb7 Rc4 49. d5 exd5 50. Bf7+ Kf8 51. Bxd5 Rc5 52. Be4 1-0

[Event "Bronshoj Lang Weekend 2014"]
[Site "Bronshoj"]
[Date "2014.02.10"]
[Round "6"]
[White "Jensen, Simon Stibolt"]
[Black "Krull, Carl"]
[Result "0-1"]
[WhiteElo "1552"]
[BlackElo "1660"]
[PlyCount "56"]
[EventDate "2014.??.??"]
[EventType "swiss"]
[EventRounds "7"]
[EventCountry "DEN"]


1. e4 e5 2. Nf3 Nc6 3. Bb5 a6 4. Ba4 Bc5 5. d3 d6 6. Bb3 Be6 7. Bg5 Nge7 8.
Bxe6 fxe6 9. c3 h6 10. Be3 Bxe3 11. fxe3 Qd7 12. Qb3 O-O-O 13. d4 exd4 14. exd4
d5 15. Nbd2 dxe4 16. Nxe4 Qd5 17. Qc2 Nf5 18. Nc5 Rhe8 19. Qe4 b6 20. Qd3 bxc5
21. Qxa6+ Kd7 22. O-O-O Ke7 23. Qb7 Kf8 24. Qxc7 cxd4 25. Nxd4 Ncxd4 26. Rxd4
Nxd4 27. Rf1+ Nf5 28. g4 Qd2+ 0-1

[Event "Bronshoj Lang Weekend 2014"]
[Site "Bronshoj"]
[Date "2014.02.10"]
[Round "6"]
[White "Kuehn, Morten"]
[Black "Marshall, Michael"]
[Result "0-1"]
[WhiteElo "1803"]
[BlackElo "1839"]
[PlyCount "86"]
[EventDate "2014.??.??"]
[EventType "swiss"]
[EventRounds "7"]
[EventCountry "DEN"]


1. e4 c5 2. Nf3 e6 3. d4 cxd4 4. Nxd4 Nc6 5. Nc3 Qc7 6. Be3 a6 7. Qd2 Nf6 8. f3
Bb4 9. a3 Be7 10. O-O-O b5 11. g4 O-O 12. h4 Bb7 13. h5 b4 14. axb4 Bxb4 15.
Nb3 Ne5 16. Qh2 Rac8 17. g5 Ne8 18. Nd4 Bxc3 19. bxc3 Qxc3 20. Qxe5 Qxe3+ 21.
Kb2 Qc3+ 22. Kb1 Rc5 23. Qb8 e5 24. Rd3 Qe1+ 25. Ka2 exd4 26. Qh2 Nc7 27. Bh3
Qa5+ 28. Ra3 Qb5 29. g6 h6 30. Rb3 Qc6 31. Kb2 a5 32. Rg1 f6 33. Rd1 a4 34.
Bxd7 Qxd7 35. Rxb7 Rb5+ 36. Rxb5 Qxb5+ 37. Kc1 Qc5 38. Qf2 Nb5 39. Rd3 Rd8 40.
f4 Nc3 41. e5 Rb8 42. Rxc3 Qxc3 43. exf6 Qe3+ 0-1

[Event "Bronshoj Lang Weekend 2014"]
[Site "Bronshoj"]
[Date "2014.02.10"]
[Round "6"]
[White "Andreasen, Rene"]
[Black "Kyrkjebo, Eirik"]
[Result "1-0"]
[WhiteElo "1768"]
[BlackElo "1693"]
[PlyCount "45"]
[EventDate "2014.??.??"]
[EventType "swiss"]
[EventRounds "7"]
[EventCountry "DEN"]


1. d4 d5 2. Nf3 Nf6 3. e3 c6 4. Bd3 Bg4 5. Nbd2 Nbd7 6. b3 e5 7. dxe5 Nxe5 8.
Be2 Bd6 9. Bb2 Qe7 10. Nxe5 Bxe2 11. Qxe2 Bxe5 12. Bxe5 Qxe5 13. O-O O-O 14. c4
d4 15. Nf3 Qh5 16. Nxd4 Qh4 17. Rad1 Ne4 18. Qc2 Rfe8 19. f3 Nf6 20. e4 Re5 21.
f4 Qh5 22. fxe5 Ng4 23. h3 1-0

[Event "Bronshoj Lang Weekend 2014"]
[Site "Bronshoj"]
[Date "2014.02.10"]
[Round "6"]
[White "Kristensen, Lars Ostergaard"]
[Black "Christophersen, David"]
[Result "0-1"]
[WhiteElo "1455"]
[BlackElo "1694"]
[PlyCount "62"]
[EventDate "2014.??.??"]
[EventType "swiss"]
[EventRounds "7"]
[EventCountry "DEN"]


1. d4 Nf6 2. c4 d6 3. Nf3 Nbd7 4. Nc3 e5 5. e4 Be7 6. Be2 O-O 7. O-O b6 8. d5
Nc5 9. Qc2 a5 10. Bd2 Bb7 11. Bd3 h6 12. Rfb1 Nh7 13. b4 axb4 14. Rxb4 Bg5 15.
Nxg5 Nxg5 16. a4 Bc8 17. f4 exf4 18. Bxf4 Qf6 19. Be3 Re8 20. Rf1 Qe5 21. Nb5
Re7 22. Bd4 Nh3+ 23. gxh3 Qg5+ 24. Kh1 Bxh3 25. Rg1 Qf4 26. Rxg7+ Kf8 27. Be2
Nxe4 28. Rb1 Nf2+ 29. Kg1 Bf5 30. Qc3 Nh3+ 31. Kg2 Rxe2+ 0-1

[Event "Bronshoj Lang Weekend 2014"]
[Site "Bronshoj"]
[Date "2014.02.10"]
[Round "6"]
[White "Olsen, Michael Richard W"]
[Black "Mouritsen, Jan"]
[Result "1-0"]
[WhiteElo "1933"]
[BlackElo "1824"]
[PlyCount "159"]
[EventDate "2014.??.??"]
[EventType "swiss"]
[EventRounds "7"]
[EventCountry "DEN"]


1. e4 c5 2. Nf3 Nc6 3. d4 cxd4 4. Nxd4 Nf6 5. Nc3 e5 6. Ndb5 d6 7. a4 a6 8. Na3
Be7 9. Be2 Be6 10. Be3 d5 11. Nxd5 Nxd5 12. exd5 Bxd5 13. O-O O-O 14. Nc4 Be6
15. Nb6 Qxd1 16. Bxd1 Rad8 17. c3 f5 18. b4 f4 19. Bc5 Bxc5 20. bxc5 Rd2 21.
Bf3 Rfd8 22. Rae1 Kf7 23. Bxc6 bxc6 24. Rxe5 Rd1 25. h4 Rxf1+ 26. Kxf1 Kf6 27.
Re4 Kf5 28. f3 Rd3 29. Nc4 Bxc4 30. Rxc4 Rd1+ 31. Ke2 Rg1 32. Kf2 Rc1 33. g4+
fxg3+ 34. Kxg3 a5 35. Rf4+ Ke6 36. Rd4 Rxc3 37. Rd6+ Ke7 38. Rxc6 Kd7 39. Ra6
Rxc5 40. Ra7+ Ke6 41. Rxg7 Rc4 42. Rxh7 Rxa4 43. Ra7 Kf5 44. Ra6 Ra1 45. h5 a4
46. h6 Rg1+ 47. Kf2 Rh1 48. Ra5+ Kg6 49. Rxa4 Kxh6 50. Rg4 Ra1 51. Rg8 Kh7 52.
Rb8 Kg6 53. Kg3 Rg1+ 54. Kf4 Ra1 55. Rb6+ Kf7 56. Kg4 Rg1+ 57. Kf5 Ra1 58. Rb7+
Kf8 59. f4 Rf1 60. Ke5 Ra1 61. Kf6 Ra6+ 62. Kg5 Ra5+ 63. f5 Ra1 64. Kg6 Rg1+
65. Kf6 Ke8 66. Rb8+ Kd7 67. Kf7 Rf1 68. Kf6 Rf2 69. Rb3 Ke8 70. Re3+ Kf8 71.
Ra3 Ke8 72. Ra8+ Kd7 73. Kg6 Rg2+ 74. Kf7 Rf2 75. f6 Rf1 76. Ra3 Rd1 77. Rg3
Kd8 78. Kg8 Rf1 79. f7 Ke7 80. Re3+ 1-0

[Event "Bronshoj Lang Weekend 2014"]
[Site "Bronshoj"]
[Date "2014.02.10"]
[Round "6"]
[White "Pedersen, Thorben Landstrom"]
[Black "Pedersen, Bo V"]
[Result "1-0"]
[WhiteElo "1466"]
[BlackElo "1312"]
[PlyCount "21"]
[EventDate "2014.??.??"]
[EventType "swiss"]
[EventRounds "7"]
[EventCountry "DEN"]


1. e4 e5 2. Nf3 Nc6 3. Bb5 a6 4. Ba4 Bc5 5. O-O Nf6 6. Nxe5 Nxe5 7. d4 b5 8.
Bb3 Bd6 9. dxe5 Bxe5 10. f4 O-O 11. fxe5 1-0

[Event "Bronshoj Lang Weekend 2014"]
[Site "Bronshoj"]
[Date "2014.02.10"]
[Round "6"]
[White "Jorgensen, Orla Eilegaard"]
[Black "Jensen, Jonbert"]
[Result "0-1"]
[WhiteElo "1449"]
[BlackElo "1400"]
[PlyCount "58"]
[EventDate "2014.??.??"]
[EventType "swiss"]
[EventRounds "7"]
[EventCountry "DEN"]


1. e4 e5 2. f4 d6 3. Bc4 Nf6 4. Nc3 Qe7 5. d3 Be6 6. Bxe6 Qxe6 7. f5 Qd7 8. Nf3
Nc6 9. Be3 Ng4 10. Bg1 h5 11. h3 Nf6 12. Qd2 d5 13. exd5 Nxd5 14. Nxd5 Qxd5 15.
c4 Qd7 16. O-O-O O-O-O 17. Be3 f6 18. g4 hxg4 19. hxg4 Rxh1 20. Rxh1 Bb4 21.
Qc2 Qxd3 22. Qxd3 Rxd3 23. Bd2 Rxf3 24. Rh8+ Kd7 25. Bxb4 Nxb4 26. Rh7 Nxa2+
27. Kb1 Nb4 28. Rxg7+ Ke8 29. Rxc7 Rf1# 0-1

[Event "Bronshoj Lang Weekend 2014"]
[Site "Bronshoj"]
[Date "2014.02.10"]
[Round "7"]
[White "Semcesen, Daniel"]
[Black "Thuesen, Mogens Henrik"]
[Result "1-0"]
[WhiteElo "2492"]
[BlackElo "2209"]
[PlyCount "47"]
[EventDate "2014.??.??"]
[EventType "swiss"]
[EventRounds "7"]
[EventCountry "DEN"]


1. d4 Nf6 2. c4 g6 3. Nc3 Bg7 4. e4 d6 5. h3 O-O 6. Nf3 Na6 7. Bg5 c5 8. d5 Nc7
9. Bd3 a6 10. a4 b6 11. O-O Nd7 12. Qd2 Re8 13. Rfe1 Rb8 14. Kh1 Ne5 15. Nxe5
Bxe5 16. f4 Bf6 17. e5 Bxg5 18. fxg5 dxe5 19. Rxe5 f6 20. Re2 f5 21. Rae1 Qd6
22. Re5 Bd7 23. Qf4 Kg7 24. Rxe7+ 1-0

[Event "Bronshoj Lang Weekend 2014"]
[Site "Bronshoj"]
[Date "2014.02.10"]
[Round "7"]
[White "Brzezinski, Adam"]
[Black "Bromann, Thorbjorn"]
[Result "1/2-1/2"]
[WhiteElo "2142"]
[BlackElo "2399"]
[PlyCount "38"]
[EventDate "2014.??.??"]
[EventType "swiss"]
[EventRounds "7"]
[EventCountry "DEN"]


1. d4 g6 2. e4 Bg7 3. Nc3 d6 4. Be3 a6 5. Qd2 Nd7 6. f4 b5 7. Bd3 c5 8. Nf3 Bb7
9. O-O cxd4 10. Bxd4 Bxd4+ 11. Nxd4 Qb6 12. Qf2 Ngf6 13. Kh1 b4 14. Nd5 Nxd5
15. exd5 Bxd5 16. Rae1 Ra7 17. Re2 Nf6 18. Rfe1 e6 19. f5 O-O 1/2-1/2

[Event "Bronshoj Lang Weekend 2014"]
[Site "Bronshoj"]
[Date "2014.02.10"]
[Round "7"]
[White "Nielsen, Klaus"]
[Black "Stojanovski, Sandi"]
[Result "0-1"]
[WhiteElo "2056"]
[BlackElo "2252"]
[PlyCount "72"]
[EventDate "2014.??.??"]
[EventType "swiss"]
[EventRounds "7"]
[EventCountry "DEN"]


1. d4 Nf6 2. Nf3 e6 3. e3 c5 4. Bd3 b6 5. O-O Be7 6. Nbd2 O-O 7. b3 Nc6 8. Bb2
Bb7 9. a3 Re8 10. Qe2 d6 11. Rfe1 Bf8 12. Rad1 cxd4 13. exd4 Ne7 14. c4 Ng6 15.
g3 d5 16. Ne5 Qc7 17. h4 dxc4 18. bxc4 Nxe5 19. dxe5 Nd7 20. Kh2 Nc5 21. Bc2
Rad8 22. f4 Qc6 23. Rf1 g6 24. Nf3 Rxd1 25. Qxd1 Be7 26. Qe2 Rd8 27. Nd4 Qe8
28. Rf2 a6 29. h5 Na4 30. hxg6 hxg6 31. Nxe6 Nxb2 32. Nxd8 Qxd8 33. Bxg6 fxg6
34. Qxb2 Qd1 35. Rg2 Qh5+ 36. Kg1 Bc5+ 0-1

[Event "Bronshoj Lang Weekend 2014"]
[Site "Bronshoj"]
[Date "2014.02.10"]
[Round "7"]
[White "Rydstrom, Tom"]
[Black "Petersen, Peter Birk"]
[Result "1-0"]
[WhiteElo "2163"]
[BlackElo "2098"]
[PlyCount "53"]
[EventDate "2014.??.??"]
[EventType "swiss"]
[EventRounds "7"]
[EventCountry "DEN"]


1. e4 c5 2. Nf3 Nc6 3. d4 cxd4 4. Nxd4 g6 5. Nc3 Bg7 6. Be3 Nf6 7. Bc4 O-O 8.
Bb3 Qa5 9. f3 d5 10. exd5 Nb4 11. Qd2 Rd8 12. O-O-O Nbxd5 13. Nxd5 Qxd2+ 14.
Rxd2 Nxd5 15. Nb5 Be6 16. Rhd1 Nxe3 17. Rxd8+ Rxd8 18. Rxd8+ Bf8 19. Bxe6 fxe6
20. Nxa7 Nxg2 21. Rb8 Nh4 22. Rxb7 Nxf3 23. c4 e5 24. c5 e4 25. c6 e3 26. Kd1
Nd4 27. c7 1-0

[Event "Bronshoj Lang Weekend 2014"]
[Site "Bronshoj"]
[Date "2014.02.10"]
[Round "7"]
[White "Pedersen, Jan Nordenbaek"]
[Black "Smith, Axel"]
[Result "1/2-1/2"]
[WhiteElo "2243"]
[BlackElo "2489"]
[PlyCount "50"]
[EventDate "2014.??.??"]
[EventType "swiss"]
[EventRounds "7"]
[EventCountry "DEN"]


1. e4 c5 2. Nf3 e6 3. d3 Nc6 4. g3 d6 5. Bg2 Be7 6. O-O Nf6 7. Qe2 O-O 8. Nbd2
Qc7 9. Re1 b6 10. Nf1 Bb7 11. Bd2 Rac8 12. Rac1 Rfd8 13. h4 Nd7 14. N1h2 Nde5
15. Bg5 Nxf3+ 16. Nxf3 h6 17. Bxe7 Qxe7 18. c3 Ba6 19. Red1 Ne5 20. Ne1 Rc7 21.
f4 Nd7 22. Qf2 e5 23. Nc2 Nf6 24. Ne3 Bc8 25. f5 Bb7 1/2-1/2

[Event "Bronshoj Lang Weekend 2014"]
[Site "Bronshoj"]
[Date "2014.02.10"]
[Round "7"]
[White "Christensen, Esben"]
[Black "Jacobsen, Mikkel Manosri"]
[Result "1-0"]
[WhiteElo "1976"]
[BlackElo "2054"]
[PlyCount "137"]
[EventDate "2014.??.??"]
[EventType "swiss"]
[EventRounds "7"]
[EventCountry "DEN"]


1. e4 c6 2. Nf3 d5 3. Nc3 Bg4 4. h3 Bxf3 5. Qxf3 e6 6. d4 dxe4 7. Nxe4 Qxd4 8.
c3 Qb6 9. Bc4 Nd7 10. Bb3 Ngf6 11. Be3 Qc7 12. Bf4 Ne5 13. O-O-O Nxf3 14. Nxf6+
gxf6 15. Bxc7 Bh6+ 16. Kc2 Rc8 17. Bd6 Nh4 18. g4 Ng6 19. Rd4 e5 20. Re1 Nf4
21. g5 Ne6 22. Rb4 Bxg5 23. Rxb7 Rd8 24. Bb4 Rd2+ 25. Kb1 Rd7 26. Rb8+ Rd8 27.
Rb7 Rd7 28. Rxd7 Kxd7 29. Rd1+ Kc7 30. Ba5+ Kb7 31. Rd7+ Ka6 32. Bb4 Kb6 33.
Rxf7 Nf4 34. a4 a5 35. Bd6 Rc8 36. Rxh7 Nd3 37. Be6 Re8 38. Bc7+ Kc5 39. Bd7
Ra8 40. f3 Ne1 41. Bg4 f5 42. Bxf5 Nxf3 43. Ka2 Bf4 44. Bxa5 Ng5 45. b4+ Kc4
46. Rc7 Kxc3 47. Rxc6+ Kd2 48. h4 Nf3 49. Be4 Ke3 50. Bd5 Rh8 51. Bb6+ Ke2 52.
a5 Bd2 53. Bc4+ Ke1 54. b5 e4 55. a6 e3 56. a7 Ne5 57. Rh6 Nxc4 58. Rxh8 Nxb6
59. a8=Q Nxa8 60. Rxa8 e2 61. Re8 Kf2 62. Rxe2+ Kxe2 63. b6 Kf3 64. b7 Bf4 65.
h5 Kg4 66. h6 Kg5 67. h7 Be5 68. Kb3 Kg6 69. h8=Q 1-0